| Поле | Инд. | ПП | Название | Значение |
|---|---|---|---|---|
| Тип записи | a | |||
| Библиографический уровень | a | |||
| 001 | Контрольный номер | 3015efd53f8f4e77a64f2b7c9f14a507 | ||
| 005 | Дата корректировки | 20190401095446.5 | ||
| 100 | a | Данные общей обработки | 20190321 ||| 0rusy0189 ca | |
| 101 | 0_ | a | Язык текста | rus |
| 102 | a | Страна публикации | RU | |
| 200 | 1_ | f | Первые сведения об ответственности | А.В. Малько, М.А. Костенко |
| a | Заглавие | Цифровые технологии в судебной системе: проблемы внедрения | ||
| b | Общее обозначение материала | Текст | ||
| 210 | 1_ | d | Дата издания | 2019 |
| 461 | _0 | 1 | 2000 | |
| a | Российская юстиция | |||
| 463 | _0 | 1 | 2000 | |
| a | № 2 | |||
| v | С. 52-54 | |||
| 1 | 2101 | |||
| d | 2019 | |||
| 1 | 00121f9f28bf68a4e348aae2088c69d400d | |||
| 606 | a | Основная рубрика | Правоохранительные и судебные органы | |
| 610 | 0_ | a | Ключевые слова | СУДЕБНАЯ СИСТЕМА |
| a | Ключевые слова | ИНФОРМАЦИОННЫЕ И КОММУНИКАЦИОННЫЕ ТЕХНОЛОГИИ В СУДЕБНОЙ ДЕЯТЕЛЬНОСТИ | ||
| 700 | _1 | a | Фамилия | Малько |
| b | Имя | А.В. | ||
| 701 | _1 | a | Фамилия | Костенко |
| b | Имя | М.А. | ||
| 801 | _0 | a | Страна | RU |
| b | Организация | РГУП | ||
| c | Дата составления | 20190321 | ||
| g | Правила каталогизации | PSBO | ||
| 801 | _1 | a | Страна | RU |
| b | Организация | РГУП | ||
| c | Дата составления | 20190321 | ||
| g | Правила каталогизации | PSBO | ||
| 901 | t | Тип документа | b | |
| w | Контрольный № источника | 21f9f28bf68a4e348aae2088c69d400d | ||
| 905 | a | Дата ввода | 20190321 |